Регионална библиотека "Любен Каравелов" - Русе

Вятърът знае името ми (Запис номер 491905)

MARC детайли
000 -Лидер
Контролно поле с фиксирана дължина 01163nam a2200289 c 4500
003 - Код на организацията, давaща контролен номер
Контролно поле BLK
005 - Дата и час на последна редакция
Контролно поле 20250714113251.0
008 - Елементи от данни с фиксирана дължина
fixed length control field 210726b bul|||||r ||||||| ||bul||
020 ## - Международен стандартен номер на книга ISBN
Международен стандартен номер на книга ISBN 9786190212270
Поясняваща информация 978-619-02-1227-0
040 ## - Източник на каталожния запис
Идентификатор на билиотеката - собственик на записа BLK
041 ## - Код за език
Код за езика на текст/звукозапис или на отделно заглавие Български
Код за езика КДБФ Български
080 ## - УДК
Текстов определител УДК Чилийска литература
УДК код - определител по УДК 821.134.2(83)
УДК определител -31
УДК - код + определител 821.134.2(83)-31
100 1# - Редна дума - Автор
Автор Алиенде, Исабел
Авторска отговорност първи автор
R(LIN) 30822
139 ## - Редно поле
Редна дума Алиенде, Исабел
Авторски знак Али - А 54
245 10 - Сведения за заглавието
Заглавие Вятърът знае името ми
Редно поле (дума) Исабел Алиендe ; прев. от исп. Катя Диманова.
257 ## - Страна на издаване
Страна на създаване/издаване Чили
260 ## - Област на издателските данни
Място на издаване, разпространение и проч. София
Име на издателя, разпространителя и проч. Колибри
Година на издаване 2023
Печатница Костинброд : Мултипринт
300 ## - Физическа характеристика
Страници 270 с.
Размери/Мащаб 20 см
380 ## - Жанр
Жанр Худож. лит.
500 ## - Общи забележки
Забележка Ориг. загл.: El viento conoce mi nombre / Isabel Allende.
700 ## - Други автори (авторска отговорност)
Лично име Диманова, Катя Томова
Автороска отговорност (Описва отношението между автора и произведението) прев. от исп.
9 (RLIN) 369177
Друга информация Диманова-Василева, Катя Томова
852 ## - Местоположение
Форматна сигнатура Цб 320043
Фондова буква Хранилище
856 ## - Електронен адрес и достъп
Инструкция (цена за достъп) 0.00
Права за достъп disable
942 ## - АРТИКУЛИ
Вид на библиотечния материал Книги
Скрит в OPAC Не
Периодичен библиозапис Да
Koha issues (borrowed), all copies 79
944 ## - СЪЗДАВАНЕ И РЕДАКЦИЯ на ЗАПИСА
Служител, извършил регистрацията/редакцията 30570
Статус, дата на статуса Моника Янева
999 ## - СИСТЕМНИ КОНТРОЛНИ НОМЕРА
Koha biblionumber 491905
Koha biblioitemnumber 491905
999 ## - СИСТЕМНИ КОНТРОЛНИ НОМЕРА
Koha biblioitemnumber 491905
Наличности
Код за отписване Код за изгубен артикул Източник на класификационната схема Код за повреда Код за отдаване Артикулен № Име на библиотеката - собственик Име на библиотеката, в която се намира в момента Статус (Текущо местоположение) Дата на вписване в системата Местоположение - отдел Цена в лева Инвентарен номер Систематично азбучна сигнатура Баркод Цена в евро Служебен тип на артикула Коз за рестрикции
  Не е изгубен Universal Decimal Classification Не е повреден заемане за дома 929150 Регионална библиотека "Любен Каравелов" Русе Регионална библиотека "Любен Каравелов" Русе Заемна - подръчен фонд 2023-06-21 Заемна - подръчен фонд 14.00 120000888346 821-31/А 54 И 120000888346 7.16 Книги  
  Не е изгубен Universal Decimal Classification Не е повреден заемане за дома 929151 Регионална библиотека "Любен Каравелов" Русе Регионална библиотека "Любен Каравелов" Русе Заемна - подръчен фонд 2023-06-21 Заемна - подръчен фонд 14.00 120000888347 821-31/А 54 И 120000888347 7.16 Книги  
  Не е изгубен Universal Decimal Classification Не е повреден заемане за дома 929152 Регионална библиотека "Любен Каравелов" Русе Регионална библиотека "Любен Каравелов" Русе Заемна - подръчен фонд 2023-06-21 Заемна - подръчен фонд 14.00 120000888345 821-31/А 54 И 120000888345 7.16 Книги  
  Не е изгубен Universal Decimal Classification Не е повреден ползва се в читалня 935764 Регионална библиотека "Любен Каравелов" Русе Регионална библиотека "Любен Каравелов" Русе Хранилище 2023-11-03 Хранилище 20.00 120000894851 Цб 320043 120000894851 10.23 Книги само за читалня
Vip Innovations Ltd, Rousse, Bulgaria 2025